000 00625nam a22002057a 4500
003 OSt
005 20231005105325.0
008 170425b xxu||||| |||| 00| 0 eng d
020 _a047171450
040 _aMMU
_beng
_cMMU
_dMMU
050 _aHF5681 .B2H847 2005
100 _aHussey, Roger
245 _aInternational financial reporting standards desk reference :
_boverview , guide and dictionary /
_cRoger Hussey
260 _aNew Jersey :
_bJohn Wiley,
_c2005
300 _axi, 382 p. :
500 _aIncludes index
650 _aInternational financial reporting
700 _aAudra Ong
942 _2lcc
_cREFERENCE
999 _c27148
_d27147